ბათუმის შოთა რუსთაველის სახელმწიფო უნივერსიტეტის ბიბლიოთეკა

სოლომონ ისაკიჩ მეჯღანუაშვილი (ბიბ.ჩანაწერი № 50167)

000 -LEADER
fixed length control field 00741nam a2200217Ia 4500
001 - CONTROL NUMBER
control field 17105
003 - CONTROL NUMBER IDENTIFIER
control field GE_BSU
008 - FIXED-LENGTH DATA ELEMENTS--GENERAL INFORMATION
fixed length control field 181216s||||||||xx |||||||||||||| ||und||
040 ## - CATALOGING SOURCE
Transcribing agency GE_BSU
080 ## - UNIVERSAL DECIMAL CLASSIFICATION NUMBER
Universal Decimal Classification number 821.353.1-31
100 ## - MAIN ENTRY--PERSONAL NAME
Personal name არდაზიანი, ლავრენტი
245 ## - TITLE STATEMENT
Title სოლომონ ისაკიჩ მეჯღანუაშვილი
245 ## - TITLE STATEMENT
Remainder of title რომანი მე-9 კლ. მოსწავლეთათვის
260 ## - PUBLICATION, DISTRIBUTION, ETC.
Place of publication, distribution, etc. თბილისი
260 ## - PUBLICATION, DISTRIBUTION, ETC.
Name of publisher, distributor, etc. ცოდნა
260 ## - PUBLICATION, DISTRIBUTION, ETC.
Date of publication, distribution, etc. 1961
300 ## - PHYSICAL DESCRIPTION
Extent 100 გვ. ; 22 სმ
653 ## - INDEX TERM--UNCONTROLLED
Uncontrolled term რომანი
653 ## - INDEX TERM--UNCONTROLLED
Uncontrolled term სოლომონ ისაკიჩ მეჯღანუაშვილი
942 ## - ADDED ENTRY ELEMENTS (KOHA)
Koha item type წიგნი
ეგზემპლარები
Withdrawn status Lost status Damaged status Not for loan Date acquired Barcode Date last seen Price effective from Koha item type
        2018-12-17 21671 2018-12-17 2018-12-17 წიგნი
        2018-12-17 21672 2018-12-17 2018-12-17 წიგნი
        2018-12-17 21673 2018-12-17 2018-12-17 წიგნი